Early childhood care and education / (Record no. 126162)

MARC details
000 -LEADER
fixed length control field 00770nam a22002537a 4500
003 - CONTROL NUMBER IDENTIFIER
control field 0
005 - DATE AND TIME OF LATEST TRANSACTION
control field 20180711110109.0
008 - FIXED-LENGTH DATA ELEMENTS--GENERAL INFORMATION
fixed length control field 0
010 ## - LIBRARY OF CONGRESS CONTROL NUMBER
LC control number B-158655
020 ## - INTERNATIONAL STANDARD BOOK NUMBER
Terms of availability 00.00
International Standard Book Number 817648881
035 ## - SYSTEM CONTROL NUMBER
System control number B-158655, B-158656
037 ## - SOURCE OF ACQUISITION
Source of stock number/acquisition Cen Lib/Ret
040 ## - CATALOGING SOURCE
Original cataloging agency DPL
Language of cataloging EN
Transcribing agency 0
082 ## - DEWEY DECIMAL CLASSIFICATION NUMBER
Classification number 372.21
Item number MIS
100 ## - MAIN ENTRY--PERSONAL NAME
Personal name Mishra, R. C.
9 (RLIN) 1167
245 ## - TITLE STATEMENT
Title Early childhood care and education /
Statement of responsibility, etc by R. C. Mishra
260 ## - PUBLICATION, DISTRIBUTION, ETC. (IMPRINT)
Place of publication, distribution, etc New Delhi
Name of publisher, distributor, etc A.P.H.Publishing Corporation
Date of publication, distribution, etc 2005
270 ## - ADDRESS
City New Delhi
Address 5, Ansari Road, Daryaganj
Postal code 110002
300 ## - PHYSICAL DESCRIPTION
Extent xii, 310p. :
Dimensions 20cm(Hb)
Other physical details ill.
500 ## - GENERAL NOTE
General note Includes bibliographical references and index
650 ## - SUBJECT ADDED ENTRY--TOPICAL TERM
Topical term or geographic name as entry element Early childhood education.
9 (RLIN) 16763
650 ## - SUBJECT ADDED ENTRY--TOPICAL TERM
Topical term or geographic name as entry element Child care.
9 (RLIN) 10040
942 ## - ADDED ENTRY ELEMENTS (KOHA)
Source of classification or shelving scheme Dewey Decimal Classification
Koha item type English Books
Classification part 372.21
Call number suffix MIS
Holdings
Withdrawn status Lost status Damaged status Not for loan Home library Current library Date acquired Source of acquisition Cost, normal purchase price Total Checkouts Full call number Barcode Date last seen Copy number Cost, replacement price Price effective from Koha item type Source of classification or shelving scheme Collection code
        Central Library Central Library 24/06/2015 Cen Lib/Ret 0.00   372.21 MIS B-158655 24/06/2015 1 0.00 24/06/2015 English Books    
        Patel Nagar Patel Nagar 11/07/2018 BPPD/Pub 0.00   372.21 MIS B-158656 11/07/2018   0.00 11/07/2018 English Books Dewey Decimal Classification Non-fiction
        Sarojini Nagar Sarojini Nagar 13/10/2018       372.21 MIS B-158657 13/10/2018     13/10/2018 English Books Dewey Decimal Classification Non-fiction

© Delhi Public Library
Hit Counter
free hit counter